000 00394nam a2200157Ia 4500
005 20250424120325.0
008 250424s9999 xx 000 0 und d
022 _a00028282
050 _aHB 1 .E26/
245 4 _aThe american economic review
260 _bWiley-BlackWell
260 _c2004
300 _axviii. ,1930 p. : ill. ; 25 cm.
650 _aEconomics--Periodicals.
942 _cSR
999 _c38666
_d38666